Trendy a príležitosti kreatívneho využitia videomarketingu bakalárska práca

Gespeichert in:
Bibliographische Detailangaben
1. Verfasser: Vraník, Sebastián
Körperschaft: Obchodná fakulta EU. Katedra marketingu
Weitere Verfasser: Balaščáková, Simona, 1999-
Format: Buch
Sprache:Slowakisch
Veröffentlicht: Bratislava 2025
Tags: Tag hinzufügen
Keine Tags, Fügen Sie das erste Tag hinzu!

MARC

LEADER 00000nbm a2200000 4500
001 0311155
005 20251031131634.3
041 0 |a slo 
044 |a SK 
245 1 0 |a Trendy a príležitosti kreatívneho využitia videomarketingu  |b bakalárska práca  |c Sebastián Vraník ; školiteľ: Simona Balaščáková 
264 1 |a Bratislava  |c 2025 
300 |a 43 s. 
100 1 |a Vraník, Sebastián 
700 1 |a Balaščáková, Simona, 1999- 
710 2 |a Obchodná fakulta EU. Katedra marketingu